[Event "Tenerife-chT Primera"]
[Site "Tenerife"]
[Date "2015.03.21"]
[Round "7.1"]
[White "Evora Brondo, Jose Luis"]
[Black "Hidalgo Santana, Fernando"]
[Result "0-1"]
[WhiteElo "1941"]
[BlackElo "2207"]
[PlyCount "102"]
[EventDate "2015.01.24"]
[EventType "swiss"]
[EventRounds "14"]
[EventCountry "ESP"]
[SourceTitle "EXT 2024"]
[Source "ChessBase"]
[SourceDate "2023.10.10"]
[SourceVersion "1"]
[SourceVersionDate "2023.10.10"]
[SourceQuality "1"]
[WhiteTeam "Circulo de Amistad XII Enero"]
[BlackTeam "Universidad"]
[WhiteTeamCountry "ESP"]
[BlackTeamCountry "ESP"]

1. Nf3 f5 2. d4 g6 3. Nc3 Nf6 4. g3 Bg7 5. Bg2 0-0 6. Bf4 d6 7. Qd2 c6 8. Bh6 Qa5 9. Bxg7 Kxg7 10. h4 h6 11. a3 Be6 12. b4 Qc7 13. 0-0 Nbd7 14. b5 cxb5 15. Nxb5 Qc4 16. Qb4 Ne4 17. Qb2 Ndf6 18. a4 Bd5 19. e3 Rfc8 20. Na3 Qc3 21. Qxc3 Rxc3 22. Rfc1 Ng4 23. Nb5 Rcc8 24. Nd2 Ngxf2 25. c4 Bc6 26. Nxe4 Nxe4 27. Kh2 a6 28. Nc3 Nd2 29. Nd5 Nb3 30. Nb6 Nxa1 31. Rxa1 Bxg2 32. Kxg2 Rab8 33. Nxc8 Rxc8 34. Rc1 b5 35. axb5 axb5 36. c5 dxc5 37. dxc5 Rc6 38. Kf3 Kf6 39. e4 Ke5 40. exf5 gxf5 41. Re1+ Kf6 42. Rc1 e5 43. g4 fxg4+ 44. Kxg4 Ke6 45. h5 Kd5 46. Kf5 Rxc5 47. Rd1+ Kc4 48. Kg6 e4 49. Kxh6 e3 50. Kg6 e2 51. Re1 Kd3 0-1

[Event "Tenerife-chT Primera"]
[Site "Tenerife"]
[Date "2015.03.14"]
[Round "6.1"]
[White "Villavicencio Sanchez, Pedro"]
[Black "Evora Brondo, Jose Luis"]
[Result "1-0"]
[WhiteElo "1782"]
[BlackElo "1941"]
[PlyCount "55"]
[EventDate "2015.01.24"]
[EventType "swiss"]
[EventRounds "14"]
[EventCountry "ESP"]
[SourceTitle "EXT 2024"]
[Source "ChessBase"]
[SourceDate "2023.10.10"]
[SourceVersion "1"]
[SourceVersionDate "2023.10.10"]
[SourceQuality "1"]
[WhiteTeam "Laguna Cotelec II"]
[BlackTeam "Circulo de Amistad XII Enero"]
[WhiteTeamCountry "ESP"]
[BlackTeamCountry "ESP"]

1. e4 e6 2. d4 d5 3. Nd2 dxe4 4. Nxe4 Nd7 5. Nf3 Ngf6 6. Nxf6+ Nxf6 7. c3 Be7 8. Bd3 0-0 9. 0-0 b6 10. Re1 Bb7 11. Bg5 Nd5 12. Bxe7 Qxe7 13. Be4 c6 14. Ne5 Qc7 15. Qf3 f5 16. Bxd5 exd5 17. Qf4 c5 18. Re3 Rac8 19. Rh3 Rf6 20. Re1 cxd4 21. cxd4 Qd6 22. Rg3 Rc7 23. Nd3 Qxf4 24. Nxf4 Rc2 25. h3 Rd6 26. Re7 Ba6 27. Rexg7+ Kf8 28. Rg8+ 1-0

[Event "Tenerife-chT Primera"]
[Site "Tenerife"]
[Date "2015.03.07"]
[Round "5.1"]
[White "Hernandez Leon, Sergio"]
[Black "Evora Brondo, Jose Luis"]
[Result "1-0"]
[WhiteElo "2045"]
[BlackElo "1941"]
[PlyCount "87"]
[EventDate "2015.01.24"]
[EventType "swiss"]
[EventRounds "14"]
[EventCountry "ESP"]
[SourceTitle "EXT 2024"]
[Source "ChessBase"]
[SourceDate "2023.10.10"]
[SourceVersion "1"]
[SourceVersionDate "2023.10.10"]
[SourceQuality "1"]
[WhiteTeam "Casa de Venezuela"]
[BlackTeam "Circulo de Amistad XII Enero"]
[WhiteTeamCountry "ESP"]
[BlackTeamCountry "ESP"]

1. d4 d5 2. c4 c6 3. Nf3 Nf6 4. Qc2 e6 5. g3 Bd6 6. Bg2 0-0 7. b3 Nbd7 8. Bb2 Re8 9. 0-0 b6 10. Nbd2 Bb7 11. e4 dxe4 12. Nxe4 Nxe4 13. Qxe4 Nf6 14. Qe2 Qe7 15. a4 c5 16. a5 cxd4 17. Nxd4 Bxg2 18. Kxg2 Qb7+ 19. Qf3 Qxf3+ 20. Kxf3 Bc5 21. axb6 axb6 22. Rxa8 Rxa8 23. Ra1 Rxa1 24. Bxa1 Kf8 25. Nc6 Nd7 26. b4 Bd6 27. Ke3 f6 28. f4 Ke8 29. g4 Nb8 30. Nxb8 Bxb8 31. Bd4 Bc7 32. h4 Kd7 33. Ke4 Kc6 34. h5 Bd8 35. Be3 Be7 36. b5+ Kc7 37. f5 e5 38. Kd5 Kb7 39. Ke6 Bc5 40. Bd2 e4 41. Kf7 Bf2 42. Kxg7 e3 43. Bxe3 Bxe3 44. Kxh7 1-0

[Event "Tenerife-chT Primera"]
[Site "Tenerife"]
[Date "2015.02.28"]
[Round "4.1"]
[White "Evora Brondo, Jose Luis"]
[Black "Martin Ortega, Oscar"]
[Result "1/2-1/2"]
[WhiteElo "1941"]
[BlackElo "1913"]
[PlyCount "97"]
[EventDate "2015.01.24"]
[EventType "swiss"]
[EventRounds "14"]
[EventCountry "ESP"]
[SourceTitle "EXT 2024"]
[Source "ChessBase"]
[SourceDate "2023.10.10"]
[SourceVersion "1"]
[SourceVersionDate "2023.10.10"]
[SourceQuality "1"]
[WhiteTeam "Circulo de Amistad XII Enero"]
[BlackTeam "La Victoria 94"]
[WhiteTeamCountry "ESP"]
[BlackTeamCountry "ESP"]

1. Nf3 c5 2. c4 Nc6 3. d4 cxd4 4. Nxd4 Nf6 5. Nc3 e6 6. Ndb5 d6 7. e4 a6 8. Nd4 Be7 9. Be2 0-0 10. 0-0 Qc7 11. Be3 Nxd4 12. Qxd4 Bd7 13. Rfd1 Bc6 14. f3 Rac8 15. Rd2 Qb8 16. Rad1 Nd7 17. Qd3 Ne5 18. Qb1 b5 19. cxb5 axb5 20. b4 Bd7 21. Qb3 Nc4 22. Bxc4 Rxc4 23. a3 Rfc8 24. Ne2 e5 25. Qb2 Qc7 26. Bf2 Qc6 27. Ng3 Be6 28. Nf1 Rc3 29. Ne3 Rb3 30. Qa1 Ra8 31. Nc2 f5 32. exf5 Bf7 33. Re1 Rc3 34. Qb1 Bg5 35. Be3 Bxe3+ 36. Rxe3 Rxe3 37. Nxe3 Rxa3 38. Nc2 Qc3 39. Rxd6 Ra8 40. Qd1 Bb3 41. Rd8+ Rxd8 42. Qxd8+ Kf7 43. Qd7+ Kf6 44. Qd8+ Kxf5 45. g4+ Kg6 46. Qb6+ Kf7 47. Qb7+ Kf6 48. Qb6+ Kf7 49. Qb7+ 1/2-1/2

[Event "Tenerife-chT Primera"]
[Site "Tenerife"]
[Date "2015.01.31"]
[Round "2.1"]
[White "Evora Brondo, Jose Luis"]
[Black "Rodriguez Falcon, Jesus Manuel"]
[Result "1/2-1/2"]
[WhiteElo "1941"]
[BlackElo "1981"]
[PlyCount "60"]
[EventDate "2015.01.24"]
[EventType "swiss"]
[EventRounds "14"]
[EventCountry "ESP"]
[SourceTitle "EXT 2024"]
[Source "ChessBase"]
[SourceDate "2023.10.10"]
[SourceVersion "1"]
[SourceVersionDate "2023.10.10"]
[SourceQuality "1"]
[WhiteTeam "Circulo de Amistad XII Enero"]
[BlackTeam "El Sauzal Libreria Barco II"]
[WhiteTeamCountry "ESP"]
[BlackTeamCountry "ESP"]

1. Nf3 c5 2. g3 g6 3. Bg2 Bg7 4. c4 Nc6 5. 0-0 e6 6. Nc3 Nge7 7. d3 0-0 8. Bf4 d5 9. cxd5 exd5 10. Qd2 Be6 11. Bh6 Bxh6 12. Qxh6 Nf5 13. Qf4 Qd6 14. Qxd6 Nxd6 15. Rac1 b5 16. Ng5 Ne7 17. e4 dxe4 18. Ncxe4 Nxe4 19. Nxe4 Rad8 20. Nxc5 Bd5 21. Rfe1 Nf5 22. Bxd5 Rxd5 23. g4 Nd4 24. Re7 Rc8 25. b4 a5 26. a3 axb4 27. axb4 Nc6 28. Re4 Nxb4 29. Rxb4 Rcxc5 30. Rxc5 Rxc5 1/2-1/2

[Event "Santa Cruz de Tenerife Autumn op"]
[Site "Santa Cruz de Tenerife"]
[Date "2014.11.14"]
[Round "9"]
[White "Paz Mendez, German Christopher"]
[Black "Evora Brondo, Jose Luis"]
[Result "0-1"]
[WhiteElo "1715"]
[BlackElo "1915"]
[PlyCount "80"]
[EventDate "2014.10.27"]
[EventType "swiss"]
[EventRounds "9"]
[EventCountry "ESP"]
[SourceTitle "CBM 163 Extra"]
[Source "ChessBase"]
[SourceDate "2014.12.23"]
[SourceVersion "1"]
[SourceVersionDate "2014.12.23"]
[SourceQuality "1"]

1. d4 e6 2. c4 d5 3. Nf3 Nf6 4. Nc3 b6 5. cxd5 exd5 6. Qc2 Bb7 7. Bf4 Bd6 8. Ne5 a6 9. e3 0-0 10. Bd3 h6 11. h4 c5 12. 0-0-0 cxd4 13. exd4 Nc6 14. Bf5 Qc7 15. Rhe1 Rfe8 16. Qe2 b5 17. Kb1 b4 18. Na4 Bc8 19. Bc2 Bd7 20. f3 Rac8 21. Bb3 Bf5+ 22. Ka1 Nxd4 23. Qd2 Nxb3+ 24. axb3 Bxe5 25. Rxe5 Rxe5 26. g4 Bd7 27. Qd4 Re4 28. Qxe4 dxe4 29. Bxc7 Rxc7 30. g5 hxg5 31. hxg5 Bxa4 32. bxa4 Nd7 33. fxe4 b3 34. Kb1 Kf8 35. Rd6 Nc5 36. e5 Ke7 37. a5 Rd7 38. Rxd7+ Kxd7 39. Kc1 Nd3+ 40. Kd2 Nxe5 0-1

[Event "Santa Cruz de Tenerife Autumn op"]
[Site "Santa Cruz de Tenerife"]
[Date "2014.11.07"]
[Round "6"]
[White "Evora Brondo, Jose Luis"]
[Black "Ramos Aguilar, Jose Manuel"]
[Result "1-0"]
[WhiteElo "1915"]
[BlackElo "2103"]
[PlyCount "91"]
[EventDate "2014.10.27"]
[EventType "swiss"]
[EventRounds "9"]
[EventCountry "ESP"]
[SourceTitle "CBM 163 Extra"]
[Source "ChessBase"]
[SourceDate "2014.12.23"]
[SourceVersion "1"]
[SourceVersionDate "2014.12.23"]
[SourceQuality "1"]

1. e4 c5 2. Nc3 e6 3. Nf3 a6 4. d4 cxd4 5. Nxd4 Qc7 6. Bd3 Bc5 7. Nb3 Be7 8. 0-0 Nf6 9. f4 d6 10. e5 dxe5 11. fxe5 Qxe5 12. Bf4 Qh5 13. Be2 Qh4 14. g3 Qh3 15. Ne4 e5 16. Ng5 Qd7 17. Bxe5 Nc6 18. Bc3 Qxd1 19. Raxd1 0-0 20. Bd3 h6 21. Bxf6 hxg5 22. Bxe7 Nxe7 23. Rde1 Nc6 24. Be4 Bh3 25. Rf2 Rfe8 26. Nc5 f6 27. Nb3 Re5 28. Rfe2 Rae8 29. Kf2 Bg4 30. Re3 Nb4 31. Bh7+ Kxh7 32. Rxe5 Rc8 33. Na1 f5 34. h3 Bh5 35. a3 Nc6 36. Rd5 Bg6 37. Nb3 Nd8 38. Nd4 Nf7 39. Rd7 f4 40. Ree7 fxg3+ 41. Kxg3 Nh8 42. Rxg7+ Kh6 43. c3 Rc5 44. Rge7 Bb1 45. Rd6+ Ng6 46. Rb6 1-0

[Event "Tenerife-chT Preferente 1314"]
[Site "Tenerife"]
[Date "2014.03.15"]
[Round "10.3"]
[White "Evora Brondo, Jose Luis"]
[Black "Pinto Henriquez, Rodrigo"]
[Result "0-1"]
[WhiteElo "1920"]
[BlackElo "2081"]
[PlyCount "134"]
[EventDate "2013.12.14"]
[EventType "team-tourn"]
[EventRounds "14"]
[EventCountry "ESP"]
[SourceTitle "EXT 2015"]
[Source "ChessBase"]
[SourceDate "2014.11.20"]
[SourceVersion "1"]
[SourceVersionDate "2014.11.20"]
[SourceQuality "1"]
[WhiteTeam "Circulo de Amistad"]
[BlackTeam "El Sauzal Libreria Barco"]
[WhiteTeamCountry "ESP"]
[BlackTeamCountry "ESP"]

1. d4 d5 2. Nf3 Nf6 3. c4 c6 4. e3 a6 5. Nc3 b5 6. cxd5 cxd5 7. Bd3 Bb7 8. 0-0 Nbd7 9. b3 e6 10. Bb2 Bd6 11. Rc1 0-0 12. Re1 Qb8 13. h3 Rc8 14. Qe2 h6 15. Nb1 Ne4 16. Rxc8+ Qxc8 17. Rc1 Qd8 18. Nbd2 Qa5 19. Bb1 Bb4 20. Nxe4 dxe4 21. Ne5 Nxe5 22. dxe5 Ba3 23. Bxa3 Qxa3 24. Rc7 Bd5 25. Qd2 Qf8 26. Qd4 Qd8 27. Rc1 f5 28. exf6 Qxf6 29. Qd2 Rf8 30. Rf1 Rc8 31. Qb4 Qc3 32. Qd6 Qc5 33. Qe5 Qc7 34. Qd4 Qc3 35. Qb6 Qc5 36. Qa5 Kf7 37. Qd2 b4 38. Qe2 Bb7 39. Rd1 Rc7 40. Qg4 Qe5 41. h4 Bd5 42. Qe2 Rc6 43. Qd2 Qc3 44. Qe2 Qe5 45. Qd2 Qh5 46. g3 Rc3 47. Qd4 Qe2 48. Rf1 Rd3 49. Qa7+ Kg6 50. Qxa6 Qf3 51. Qb6 Rd1 52. Bc2 Rd2 53. Qc5 Qe2 54. Bb1 Rd1 55. Rxd1 Qxd1+ 56. Kg2 Qxb1 57. Qxb4 Qxa2 58. Qe7 Qxb3 59. Qe8+ Kh7 60. h5 e5 61. Qg6+ Kh8 62. Qe8+ Bg8 63. Qxe5 Qd1 64. Qe8 Qf3+ 65. Kf1 Qf5 66. Kg2 Kh7 67. Qe7 Bf7 0-1

[Event "Tenerife-chT Preferente 1314"]
[Site "Tenerife"]
[Date "2014.02.08"]
[Round "6.4"]
[White "Bernad Millan, Ignacio"]
[Black "Evora Brondo, Jose Luis"]
[Result "0-1"]
[WhiteElo "1878"]
[BlackElo "1920"]
[PlyCount "70"]
[EventDate "2013.12.14"]
[EventType "team-tourn"]
[EventRounds "14"]
[EventCountry "ESP"]
[SourceTitle "EXT 2015"]
[Source "ChessBase"]
[SourceDate "2014.11.20"]
[SourceVersion "1"]
[SourceVersionDate "2014.11.20"]
[SourceQuality "1"]
[WhiteTeam "Canarias 64"]
[BlackTeam "Circulo de Amistad"]
[WhiteTeamCountry "ESP"]
[BlackTeamCountry "ESP"]

1. d4 e6 2. f4 d5 3. Nf3 Nf6 4. e3 c5 5. c3 Nc6 6. Bd3 Be7 7. Nbd2 Qc7 8. Ne5 0-0 9. 0-0 Ne8 10. Qh5 f5 11. Ndf3 Nf6 12. Qh3 Ne4 13. Bd2 Qb6 14. b3 Nxd2 15. Nxd2 Qa5 16. Rac1 Qxa2 17. Rc2 Qa5 18. Ndf3 Qb6 19. g4 Qxb3 20. Nd2 Qb6 21. c4 cxd4 22. cxd5 exd5 23. Kh1 Nb4 24. Rb2 dxe3 25. Ndf3 Qd6 26. Bb1 g6 27. Rg2 fxg4 28. Nxg4 Bxg4 29. Qxg4 Rxf4 30. Qh3 Raf8 31. Rg3 Qf6 32. Kg2 d4 33. Rg1 d3 34. Ng5 Qc6+ 35. Rf3 Bxg5 0-1